00672cam a2200193 a 450000100100000000500170001000800410002702000150006804000230008308200200010610000320012624501050015826000580026330000210032150400530034265000230039565000260041870000340044400000823620200929161322.0981002s1998 ck b f000 e spa  z9588052041 aDO-SdBNPcDLCdDLC aCo864.44bA179e1 aAchury Valenzuela, Darío.10aEnsayos, glosas y otras erudiciones /cDarío Achury Valenzuela; prólogo de Óscar Torres Duque. a[Bogotá, Colombia] :bMinisterio de Cultura,c1998. a245 p. ;c21 cm. aIncluye referencias bibliográficas (p. 22-24). 4aEnsayos colombiano 4aLiteratura colombiana1 aTorres Duque, Darío,eprol.